| 000 | 01770nam a2200349 a 4500 | ||
|---|---|---|---|
| 001 | vtls001863179 | ||
| 003 | NLI | ||
| 005 | 20210602183404.0 | ||
| 008 | 150129s2014 ii gr s000 0 eng | ||
| 039 | 9 |
_a201501291728 _brudrar _y201501291724 _zrudrar |
|
| 040 |
_aNLI : _beng _cNLMARC21 |
||
| 041 | 0 | _aeng | |
| 044 | _aii | ||
| 082 | 0 | 4 |
_a353.8095414 _223 |
| 110 | 1 |
_aWest Bengal (India). _bLegislative Assembly _n(15th : _d2011--). _bStanding Committee on School Education (2013-14) _9574820 |
|
| 245 | 1 | 0 |
_aReport, 5th on Pre-voting Budget Scrutiny of the Demands for Grant relating to the DepartmentS of School Education and Mass Education Extension and Library services for the year 2014-2015 / _cStanding Committee on School Education (2013-14), 15th Legislative Assembly, Government of West Bengal |
| 260 |
_aKolkata : _bWest Bengal Legislative Assembly Secretariat, _c2014 |
||
| 300 |
_avii, 14 p.; _c24 cm. |
||
| 500 | _aPresented to the Assembly on 13th June, 2014 | ||
| 610 | 1 | 0 |
_aWest Bengal (India). _bDepartment of School Education _xFinance _y2014-15 _9574821 |
| 610 | 1 | 0 |
_aWest Bengal (India). _bDepartment of Mass Education Extension and Library Services _xFinance _y2014-15 _9574822 |
| 650 | 0 |
_aFinance, Public _zIndia _zWest Bengal _y2014-15 _9522273 |
|
| 650 | 0 |
_aEducation and state _xEconomic aspects _zIndia _zWest Bengal _y2014-15 _9574823 |
|
| 650 | 0 |
_aEducation _zIndia _zWest Bengal _xFinance _y2014-15 _9574824 |
|
| 887 | _aRUDRA RANJAN | ||
| 902 | _aGP 353.8095414 W52se [15th] No.5 | ||
| 904 | _aRUDRA RANJAN | ||
| 942 |
_2ddc _cBKS |
||
| 949 |
_AVIRTUAITEM _D10003 _X202 _6IOD000155251ENG _eIOD155251 |
||
| 999 |
_aVIRTUA40 _c342425 _d342425 |
||
| 999 | _aVTLSSORT0080*0400*0410*0440*0820*1100*2450*2600*3000*5000*6100*6101*6500*6501*6502*8520*9020*9040*9992 | ||